|
|
|
|
| LEADER |
01388nab#a2200373#ar4500 |
| 001 |
000076489 |
| 003 |
SVKKK |
| 005 |
20101130092945.0 |
| 008 |
080218d1906 xo |||||||||||||||b|hun |
| FMT |
|
|
|
| 038 |
|
|
|a SVKKK
|
| 040 |
|
|
|a SVKKK
|b slo
|e AACR2
|
| 041 |
0 |
|
|a hun
|
| 044 |
|
|
|a xo
|c SK
|
| 080 |
|
|
|a 324
|2 1997
|
| 080 |
|
|
|a 929 Demkó, Koloman
|2 1997
|
| 242 |
1 |
0 |
|a Otvorený list Kolomana Demkó
|y slo
|
| 245 |
1 |
0 |
|a Demkó Kálmán nyilt levele
|
| 500 |
|
|
|a Ex/Ro-75
|
| 520 |
2 |
|
|a Bývalý poslanec otvoreným listom sa lúči od svojich voličov, podáva správu o svojej činnosti a oznamuje, že neprijíma nový mandát
|
| 600 |
1 |
4 |
|a Demkó, Koloman
|d 1852-1918
|x filozof, historik, poslanec parlamentný
|z Görömbőly (Maďarsko)
|x rodák
|z Prešov (Slovensko), Užhorod (Ukrajina)
|x gymnaziálne štúdium
|z Budapešť (Maďarsko)
|x vysokoškoské štúdium (filozofia, história)
|z Levoča (Slovensko), Budapešť (Maďarsko)
|x pôsobenie
|
| 650 |
0 |
4 |
|a odstúpenie z poslaneckej funkcie
|z Michalovce (obvod) (Slovensko)
|y 1906
|
| 655 |
|
4 |
|a hungariká
|
| 773 |
0 |
|
|t Felsö-Zemplén
|g Roč. 11, č. 17 (22.04.1906) s. 3
|
| 957 |
|
|
|a Michalovce
|
| 957 |
|
|
|a Levoča
|
| 958 |
|
|
|a DG
|
| 958 |
|
|
|a HU
|
| 974 |
|
|
|a Ba
|
| 992 |
|
|
|a RBX
|
| 997 |
|
|
|a Demkó, Kálmán p. Demkó, Koloman
|d Nagymihály p,. Michalovce
|
| 997 |
|
|
|d Lőcse p. Levoča
|
| BAS |
|
|
|
| 998 |
|
|
|a RETRO
|